Régents et régentes de France - Statistiques

Statistiques générales
  • Ce quiz a été pris 191 fois
  • Le résultat moyen est 10 sur 24
Statistiques - réponses
Régents et régentes % Correct
Catherine de Médicis
86%
Marie de Médicis
82%
Anne d'Autriche
75%
Anne de France
75%
Louis Ier
72%
Philippe d'Orléans
68%
Philippe V
68%
Philippe VI
68%
Charles V
54%
Charles VII
54%
Blanche de Castille
49%
Henri III
43%
Eugénie de Montijo
42%
Joseph Bonaparte
33%
Louise de Savoie
28%
Marie-Louise d'Autriche
28%
Marie-Thérèse d'Autriche
21%
Louis-Philippe Ier
19%
Isabeau de Bavière
14%
Suger
8%
Antoine de Bourbon
4%
Baudouin V
4%
Mathieu de Vendôme
4%
Brunon de Cologne
1%
Aucun quiz correspondant
Distribution des résultats
% des personnes avec chaque résultat
Percentile par nombre de réponses
Votre historique - résultats
Vous n’avez pas pris ce quiz